| 000 | 00745nam a2200265Ia 4500 | ||
|---|---|---|---|
| 003 | OSt | ||
| 005 | 20221007123456.0 | ||
| 006 | a|||||r|||| 00| 0 | ||
| 007 | ta | ||
| 008 | 221006b |||||||| |||| 00| 0 eng d | ||
| 020 | _a0387952101 (pbk) | ||
| 024 | _a1669 | ||
| 037 | _cTextual | ||
| 040 |
_aPAPL _cPAPL _beng |
||
| 041 |
_2eng _aeng |
||
| 082 | _aCN, N4 Carpa | ||
| 100 |
_aMould Richard A. _9717267 |
||
| 245 | 0 | _aBasic relativity | |
| 260 |
_aNew _bYork Springer-Verlag _c1994 |
||
| 300 |
_axiv, 452p. _ccm. |
||
| 500 | _aAppendixes 425-438p; Bibliographical references 443-452p | ||
| 650 |
_aRelativity _9713529 |
||
| 942 |
_hCN, N4 Carpa _cTEXL _2CC |
||
| 999 |
_c1211948 _d1211948 |
||